| 000 | 00436nam a2200181Ia 4500 | ||
|---|---|---|---|
| 001 | 10019 | ||
| 005 | 20260306161801.0 | ||
| 008 | 260306t2008||||xx |||||||||||||| ||spa|| | ||
| 041 | _aESP | ||
| 082 |
_aPE 869.56 _bT48C |
||
| 100 |
_aThorndike, Guillermo _eAUT |
||
| 245 | 0 | _a1878 crimen perfecto. Grau 5 | |
| 260 | _c2008 | ||
| 300 |
_axvi, 524 páginas : _c24 cm. |
||
| 650 | _aGEN | ||
| 654 | _aCHU | ||
| 942 |
_cLIB _dJUS _fJUS _2ddc _n |
||
| 999 |
_c10019 _d10019 |
||